000 00721nam a2200229 a 4500
001 000018824
005 20200929165849.0
008 100519s1993 ve r 000 p spa d
020 _a9800301402
040 _aDO-SdBNP
_bspa
_cBNPHU
082 _a861.44
_bM737p
100 1 _aMoncada, Vicente Elias
_940581
245 1 3 _aLa parábola de la fuente /
_cVicente Elias Moncada.
250 _a2a ed.
260 _aCaracas :
_bItaligráfica,
_c1993.
300 _a142 p. ;
_c22 cm.
490 1 _aBiblioteca de Autores y Temas Tachirenses ;
_vno.111
650 4 _aPoesía venezolana
_94230
650 4 _aLiteratura venezolana
_93816
830 0 _aBiblioteca de Autores y Temas Tachirenses ;
_nno.111
_940582
049 _aBNGR
999 _c18344
_d18344